00277nam a2200109Ia 450000500170000000800410001710000190005824500470007726000230012430000110014765000090015820260328101446.0260328s9999||||xx |||||||||||||| ||und|| aDavid, Rosalie 0aLes trésors de L'Egypte /cRosalie David bEditions Princesse a208 p. aARTE